| 000 | 01244nam a22003017a 4500 | ||
|---|---|---|---|
| 003 | dpl | ||
| 005 | 20180717140223.0 | ||
| 008 | 180717b xxu||||| |||| 00| 0 eng d | ||
| 010 | _aB-005238 | ||
| 020 |
_c75.00 _a8123727003 |
||
| 035 | _aB-005238, B-005247 | ||
| 037 | _bCen Lib/Ret | ||
| 040 |
_aDPL _bHN _c0 |
||
| 082 |
_aउ _bवत्सला |
||
| 100 |
_aवत्सला, पी. _975506 |
||
| 245 |
_aधान / _cपी.वत्सला ;अनुवाद राकेश कालिया |
||
| 246 |
_aDhaan / _bby P. Vatsala ; anuvada Rakesh Kaliya |
||
| 260 |
_aनयी दिल्ली _bनेशनल बुक ट्रस्ट _c1999 |
||
| 270 |
_bनयी दिल्ली _aए-ग्रीन पार्क _e110016 |
||
| 300 |
_axii,373पृ. _c19सेमी (सजिल्द) |
||
| 490 | _aअंतर्भारतीय पुस्तकमाला | ||
| 650 |
_aसाहित्य--उपन्यास _975507 |
||
| 650 |
_aमलयालम उपन्यास _975508 |
||
| 650 |
_aLiterature--Fiction _975509 |
||
| 650 |
_aMalyalam novel _975510 |
||
| 700 |
_aकालिया, राकेश _975511 |
||
| 942 |
_2ddc _cHN _hउ _mवत्सला |
||
| 999 |
_c116238 _d116238 |
||